Sexuality and Fertility Issues in Ill Health and Disability : (Record no. 612531)

MARC details
000 -LEADER
fixed length control field 00549nam a2200193 a 4500
008 - FIXED-LENGTH DATA ELEMENTS--GENERAL INFORMATION
fixed length control field 260214s2006##################000#0#eng##
020 ## - INTERNATIONAL STANDARD BOOK NUMBER
ISBN 9781843103394
082 04 - DEWEY DECIMAL CLASSIFICATION NUMBER
Classification number 306.7087
Item number BAL
100 1# - MAIN ENTRY--AUTHOR NAME
Personal name Balen, Rachel,
245 10 - TITLE STATEMENT
Title Sexuality and Fertility Issues in Ill Health and Disability :
260 ## - PUBLICATION, DISTRIBUTION, ETC. (IMPRINT)
Name of publisher Jessica Kingsley Publishers,
Year of publication 2006.
300 ## - PHYSICAL DESCRIPTION
Number of Pages 306 pages
650 #0 - SUBJECT ADDED ENTRY--TOPICAL TERM
Topical Term Health & Fitness.
942 ## - ADDED ENTRY ELEMENTS (KOHA)
Koha item type English Books
Holdings
Withdrawn status Lost status Damaged status Not for loan Home library Current library Shelving location Date acquired Full call number Accession Number Price effective from Koha item type
        Anna Centenary Library Anna Centenary Library 3RD FLOOR, B WING 14.02.2026 306.7087 BAL 425744 14.02.2026 English Books

Find us on the map